| 000 | 00000nas 2200000za 4500 |
| 001 | 9.504174 |
| 003 | CaOODSP |
| 005 | 20210507160751 |
| 007 | cr ||||||||||| |
| 008 | 150406d20082013xxc|| p o||||f| |0fre|d |
| 040 | |aCaOODSP|bfre |
| 043 | |an-cn--- |
| 086 | 1 |aCW71-8F-PDF |
| 110 | 2 |aService canadien de la faune. |
| 245 | 10|aÀ propos des habitats canadiens - rapport annuel / |h[ressource électronique]|c[Publié par] Bureau de coordination du CNACTH/PNAGS et Secrétariat des terres humides, Bureau des terres humides. |
| 260 | |aOttawa - Ontario : |bEnvironnement Canada. |
| 310 | |aAnnuel |
| 362 | 1 |a2008 - 2013. |
| 691 | 07|aConservation de l'environnement|2gcpds |
| 691 | 07|aOiseau aquatique|2gcpds |
| 775 | 08|tCanadian habitat matters, annual report |w(CaOODSP)9.507794 |
| 780 | 00|tÀ propos des habitats canadiens / |w(CaOODSP)9.504185 |
| 785 | 00|tHabitats canadiens |w(CaOODSP)9.813466 |